LEADER 01712nam 2200493 450 001 9910578584603321 005 20200529071013.0 010 $a88-7062-492-7 035 $a(CKB)3280000000014025 035 $a(MiAaPQ)EBC5991931 035 $a(EXLCZ)993280000000014025 100 $a20200529h19861986 uy 0 101 0 $aita 135 $aurcnu|||||||| 181 $ctxt$2rdacontent 182 $cc$2rdamedia 183 $acr$2rdacarrier 200 13$aLa Villa dei Papiri ad Ercolano $econtributo alla ricostruzione dell'ideologia della nobilitas tardorepubblicana /$fMaria Rita Wojcik 210 1$aRome, Italy :$cL'Erma di Bretschneider,$d[1986] 210 4$dİ1986 215 $a1 online resource (475 pages) $cillustrations 225 1 $aMonografie (Italy. Soprintendenza archeologica di Pompei) ;$v1 311 $a88-7062-568-0 311 $a88-8265-965-8 320 $aIncludes bibliographical references (pages 289-317) and indexes. 410 0$aMonografie (Italy. Soprintendenza archeologica di Pompei) ;$v1. 606 $aRomans$zItaly$zHerculaneum (Extinct city) 606 $aSculpture, Greco-Roman$zItaly$zHerculaneum (Extinct city)$vCatalogs 606 $aSculpture$zItaly$zNaples$vCatalogs 607 $aHerculaneum (Extinct city)$vCatalogs 607 $aItaly$xAntiquities, Roman$vCatalogs 608 $aElectronic books. 615 0$aRomans 615 0$aSculpture, Greco-Roman 615 0$aSculpture 676 $a937/.7 700 $aWojcik$b Maria Rita$0156109 801 0$bMiAaPQ 801 1$bMiAaPQ 801 2$bMiAaPQ 906 $aBOOK 912 $a9910578584603321 996 $aLa Villa dei Papiri ad Ercolano$92884851 997 $aUNINA LEADER 03208oam 2200589 a 450 001 9910788574503321 005 20231122215012.0 010 $a1-283-14422-0 010 $a9786613144225 010 $a981-4295-02-7 035 $a(CKB)3360000000001348 035 $a(EBL)731084 035 $a(OCoLC)740446112 035 $a(SSID)ssj0000522277 035 $a(PQKBManifestationID)12200014 035 $a(PQKBTitleCode)TC0000522277 035 $a(PQKBWorkID)10528813 035 $a(PQKB)10666520 035 $a(MiAaPQ)EBC731084 035 $a(WSP)00007615 035 $a(Au-PeEL)EBL731084 035 $a(CaPaEBR)ebr10480266 035 $a(CaONFJC)MIL314422 035 $a(EXLCZ)993360000000001348 100 $a20100319h20102010 uy 0 101 0 $aeng 135 $aur|n|---||||| 181 $ctxt$2rdacontent 182 $cc$2rdamedia 183 $acr$2rdacarrier 200 10$aEmergencies in neuro-ophthalmology $ea case based approach /$fAndrew G. Lee [et al.] 210 1$aSingapore ;$aHackensack, N.J. :$cWorld Scientific,$d2010. 210 4$dİ2010 215 $a1 online resource (xiv, 184 pages) $cillustrations (chiefly color) 311 0 $a981-4295-01-9 320 $aIncludes bibliographical references and index. 327 $aAcute painful ptosis, complete ophthalmoplegia with a red eye -- Chronic painless ptosis, complete ophthalmoplegia with a red eye -- Acute painless homonymous hemianopsia -- Acute painful homonymous hemianopsia -- Acute bilateral optic disc edema -- Subacute bilateral optic disc edema -- Acute homonymous hemianopsia in febrile patient -- Acute painless isolated sixth nerve palsy -- Acute progressive bilateral ophthalmoplegia with mental status change -- Acute unilateral optic neuropathy -- Acute pupil spared third nerve palsy -- Acute pupil involved third nerve palsy -- Acute proptosis with red eyes -- Acute visual loss in a leukemia patient -- Acute ophthalmoplegia after vomiting -- Acute anisocoria -- Optic disc edema with a macular star figure -- Acute transient monocular visual loss -- Jaw pain and headache in an elderly woman -- Acute bitemporal hemianopsia -- Acute anisocoria with neck pain -- Acute painful ophthalmoplegia. 330 $aThe management of emergent neuro-ophthalmic conditions can be a life-saving encounter for the general ophthalmologist. This book covers life-threatening scenarios that a general ophthalmologist might encounter, and is designed to help the ophthalmologist make emergency triage decisions for initial evaluation and treatment of potentially vision- or life-threatening conditions. This book is case based, and provides the reader with the invaluable expert views of two neuro-ophthalmologists. 606 $aNeuroophthalmology$vCase studies 606 $aOphthalmologic emergencies$vCase studies 615 0$aNeuroophthalmology 615 0$aOphthalmologic emergencies 676 $a617.7/32 700 $aLee$b Andrew G$0870715 701 $aLee$b Andrew G$0870715 801 0$bMiAaPQ 801 1$bMiAaPQ 801 2$bMiAaPQ 906 $aBOOK 912 $a9910788574503321 996 $aEmergencies in neuro-ophthalmology$93751884 997 $aUNINA LEADER 03900nam 2200709 450 001 9910787403203321 005 20200520144314.0 010 $a1-78920-083-0 010 $a1-78238-542-8 024 7 $a10.1515/9781782385424 035 $a(CKB)3710000000355264 035 $a(EBL)1707802 035 $a(OCoLC)903317361 035 $a(SSID)ssj0001423684 035 $a(PQKBManifestationID)12547993 035 $a(PQKBTitleCode)TC0001423684 035 $a(PQKBWorkID)11433410 035 $a(PQKB)11142668 035 $a(MiAaPQ)EBC1707802 035 $a(Au-PeEL)EBL1707802 035 $a(CaPaEBR)ebr11019569 035 $a(CaONFJC)MIL726354 035 $a(DE-B1597)636535 035 $a(DE-B1597)9781782385424 035 $a(EXLCZ)993710000000355264 100 $a20150216h20152015 uy 0 101 0 $aeng 135 $aur|n|---||||| 181 $ctxt 182 $cc 183 $acr 200 14$aThe political economy of border drawing $earranging legality in European labor migration policies /$fRegine Paul 210 1$aNew York, New York ;$aOxford, England :$cberghahn,$d2015. 210 4$dİ2015 215 $a1 online resource (244 p.) 300 $aDescription based upon print version of record. 311 $a1-322-95072-5 311 $a1-78238-541-X 320 $aIncludes bibliographical references and index. 327 $a""Contents""; ""Illustrations""; ""Acknowledgments""; ""Abbreviations""; ""Introduction a??? Labor Migration Management: An Interdisciplinary Interpretive Policy Analysis""; ""Part I a??? Border Drawing as a Framework for Migration Policy Analysis""; ""Chapter 1 a??? Labor Migration Management as Meaningful Border Drawing""; ""Chapter 2 a??? Border Drawing across Capitalist Economies, Welfare States, and Citizenship Regimes""; ""Chapter 3 a??? Border Drawing in Context: Profiling Migration Histories and Policy Legacies for Comparative Analysis"" 327 $a""Part II a??? Border Drawing in German, French, and British Labor Migration Policies""""Chapter 4 a??? What Makes Migrant Workers ""Legal""? Mapping Entry Regulation""; ""Chapter 5 a??? A ""Tool for Growth""? The Shared Cultural Political Economy of Labor Migration Policies""; ""Chapter 6 a??? ""Poles Don't Even Play Cricket!"" Embedding Labor Migration Policies in National Socio-Cultural Norms""; ""Conclusion a??? Border Drawing, Policy Analysis, and the Governance of Mobility in Europe""; ""Documents and Interviews""; ""References""; ""Index"" 330 $a The conditions for non-EU migrant workers to gain legal entry to Britain, France, and Germany are at the same time similar and quite different. To explain this variation this book compares the fine-grained legal categories for migrant workers in each country, and examines the interaction of economic, social, and cultural rationales in determining migrant legality. Rather than investigating the failure of borders to keep unauthorized migrants out, the author highlights the different policies of each country as ""border-drawing"" actions. Policymakers draw lines between different migrant groups 606 $aForeign workers$xGovernment policy$zEurope 606 $aLabor policy$zEurope 607 $aEurope$xEmigration and immigration$xGovernment policy 607 $aEurope$xEmigration and immigration$xEconomic aspects 610 $aInternational Borders. 610 $aLabor Migration. 610 $aNormativity. 610 $aPolitical Economy. 610 $aPolitical Migration. 615 0$aForeign workers$xGovernment policy 615 0$aLabor policy 676 $a331.5/44094 700 $aPaul$b Regine$01521397 801 0$bMiAaPQ 801 1$bMiAaPQ 801 2$bMiAaPQ 906 $aBOOK 912 $a9910787403203321 996 $aThe political economy of border drawing$93760509 997 $aUNINA